000 02487cam a2200313 4500500
005 20260111112222.0
041 _afre
042 _adc
100 1 0 _aWidlöcher, Daniel
_eauthor
245 0 0 _aEmpathie et co-pensée
260 _c2014.
500 _a32
520 _aL’intérêt de Freud pour la notion d’empathie est essentiellement lié à son aspect psychologique : se mettre à la place de, d’où l’articulation qu’il propose entre identification, imitation et empathie, où l’identification est première et conduit à l’empathie. Après un rappel des avatars de cette articulation entre identification et empathie dans l’œuvre de M. Klein et dans celle de R. Greenson, l’auteur s’intéresse à l’opposition entre les dimensions objective et subjective de l’empathie, illustrée par l’intérêt de Freud et de Ferenczi pour les phénomènes de télépathie. Il propose le terme de “co-pensée” pour « décrire un processus de développement réciproque de l’activité associative » de l’analysant et de l’analyste.
520 _aFreud’s interest in the notion of empathy was related mostly to its psychological aspect : to put oneself in the place of..., from which he offers an integration of identification, imitation and empathy, where identification comes first and leads to empathy. After recalling the avatars of this integration between identification and empathy in the works of M. Klein and those of R. Greenson, the author explores the opposition between objective and subjective dimensions of empathy, illustrated by Freud’s and Ferenczi’s interest in telepathy phenomena. He suggets the notion of “co-thinking” to “describe a process of reciprocal development of associative activity” of the analysand and the analyst.
690 _aco-pensée
690 _acommunication d'inconscient à inconscient
690 _aidentification
690 _aidentification empathique
690 _aidentification projective
690 _atélépathie
690 _aco-thinking
690 _aempathical identification
690 _aidentification
690 _aprojective identification
690 _atelepathy
690 _aunconscious to unconscious communication
786 0 _nJournal de la psychanalyse de l'enfant | 3 | 2 | 2014-03-01 | p. 39-44 | 0994-7949
856 4 1 _uhttps://shs.cairn.info/revue-journal-de-la-psychanalyse-de-l-enfant-2013-2-page-39?lang=fr&redirect-ssocas=7080
999 _c1631892
_d1631892